HORMONES IN OBSTETRICS & GYNAECOLOGY. (Record no. 496335)

MARC details
000 -LEADER
fixed length control field 00421pam a2200157a 44500
008 - FIXED-LENGTH DATA ELEMENTS--GENERAL INFORMATION
fixed length control field 230515b2007 xxu||||| |||| 00| 0 eng d
020 ## - INTERNATIONAL STANDARD BOOK NUMBER
International Standard Book Number 81-8061-427-1
041 ## - LANGUAGE CODE
Language code of text/sound track or separate title ENGLISH
082 ## - DEWEY DECIMAL CLASSIFICATION NUMBER
Classification number 618.1/ZUT
100 ## - MAIN ENTRY--PERSONAL NAME
Personal name ZUTSHI V/RATHORE/SHARMA.
245 ## - TITLE STATEMENT
Title HORMONES IN OBSTETRICS & GYNAECOLOGY.
250 ## - EDITION STATEMENT
Edition statement 2
260 ## - PUBLICATION, DISTRIBUTION, ETC.
Place of publication, distribution, etc. PUNE
Name of publisher, distributor, etc. JAYPEE BROTHERS
Date of publication, distribution, etc. 2007
300 ## - PHYSICAL DESCRIPTION
Extent 165
650 ## - SUBJECT ADDED ENTRY--TOPICAL TERM
Topical term or geographic name entry element HORMONES IN OBSTETRICS & GYNAECOLOGY.
Holdings
Withdrawn status Lost status Damaged status Not for loan Home library Current library Shelving location Date acquired Source of acquisition Cost, normal purchase price Total Checkouts Full call number Barcode Date last seen Date last checked out Price effective from Koha item type
        College of Ayurved, Pune College of Ayurved, Pune   31/03/2011 S. K. KOTHARI 175.00 2 618.1/ZUT ACP-PG-3186 13/05/2026 29/04/2026 28/06/2023 Book